Ladislav Martínek ; Petr Skácel : sochy, obrazy, kresby : Dům pánů z Kunštátu, Brno, 6. září - 9. října 1983 /

Hlavní autor: Martínek, Ladislav, 1926-1987
Další autoři: Dvořáková, Nina, 1931-, Skácel, Petr, 1924-1993
Jazyk: Čeština
Vydáno: Brno : Dům umění města Brna, 1983
Témata:
Fyzický popis: 28 nečíslovaných stran : ilustrace ; 20 cm
Knihy
Uloženo v:
LEADER 01864nam a22005052i 4500
001 000338395
003 CZ BrMZK
005 20170203140030.0
007 ta
008 980105s1983 xr a e c cze d
015 |a cnb000007016 
020 |q (Brož.) 
035 |a (OCoLC)39563192 
040 |a ABA001  |b cze  |d ABA001  |d BOA001  |e rda 
043 |a e-xr--- 
045 |a x-x- 
072 7 |x Umění  |a 7.01/.09  |2 Konspekt  |9 21 
080 |a 730(437.3)  |2 MRF 
080 |a 75(437.3)  |2 MRF 
080 |a 741/744(437.3)  |2 MRF 
080 |a 7.036/.038  |2 MRF 
080 |a (437.3)  |2 MRF 
080 |a (083.824)  |2 MRF 
100 1 |a Martínek, Ladislav,  |d 1926-1987  |7 ola200201864  |4 art 
245 1 0 |a Ladislav Martínek ;  |b Petr Skácel : sochy, obrazy, kresby : Dům pánů z Kunštátu, Brno, 6. září - 9. října 1983 /  |c [text] Nina Dvořáková 
264 1 |a Brno :  |b Dům umění města Brna,  |c 1983 
300 |a 28 nečíslovaných stran :  |b ilustrace ;  |c 20 cm 
336 |a text  |b txt  |2 rdacontent 
337 |a bez média  |b n  |2 rdamedia 
338 |a svazek  |b nc  |2 rdacarrier 
600 1 7 |a Martínek, Ladislav,  |d 1926-1987  |7 ola200201864 
600 1 7 |a Skácel, Petr,  |d 1924-1993  |7 jn99240001088 
648 7 |a 20. století  |7 ch460558 
650 0 7 |a české sochařství  |7 ph128152  |y 20. století  |2 czenas 
650 0 7 |a české malířství  |7 ph116864  |y 20. století  |2 czenas 
650 0 7 |a česká kresba  |7 ph116857  |y 20. století  |2 czenas 
650 0 7 |a moderní umění  |7 ph115340  |z Česko  |2 czenas 
655 7 |a katalogy výstav  |7 fd132536  |2 czenas 
740 0 2 |a Petr Skácel 
700 1 |a Dvořáková, Nina,  |d 1931-  |7 jn19981000904  |4 wfw 
700 1 |a Skácel, Petr,  |d 1924-1993  |7 jn99240001088  |4 art 
910 |a BOA001  |b X-0866.537 
990 |a BK 
991 |b 201609 
996 6 |b 2619836362  |c X-0866.537  |l MZK  |r Sklad / do 24 hodin  |n 15  |w 000338395  |u 000010  |a 1  |e BOA001  |j MZK50  |s P